Earth : (Record no. 2594)

000 -LEADER
fixed length control field 00828pam a2200241 a 4500
003 - CONTROL NUMBER IDENTIFIER
control field ALUPE UNIVERSITY
005 - DATE AND TIME OF LATEST TRANSACTION
control field 20210715061139.0
008 - FIXED-LENGTH DATA ELEMENTS--GENERAL INFORMATION
fixed length control field 031208s2005 njua b 001 0 eng
020 ## - INTERNATIONAL STANDARD BOOK NUMBER
International Standard Book Number 9780136138659
040 ## - CATALOGING SOURCE
Transcribing agency ALUPE UNIVERSITY
049 ## - LOCAL HOLDINGS (OCLC)
Holding library JF0A
050 ## - LIBRARY OF CONGRESS CALL NUMBER
Classification number QE28
Item number .T37 2009
090 ## - LOCALLY ASSIGNED LC-TYPE CALL NUMBER (OCLC); LOCAL CALL NUMBER (RLIN)
Classification number (OCLC) (R) ; Classification number, CALL (RLIN) (NR) QE28.2
Local cutter number (OCLC) ; Book number/undivided call number, CALL (RLIN) .T37 2005
100 1# - MAIN ENTRY--PERSONAL NAME
Personal name Tarbuck, Edward J.
245 10 - TITLE STATEMENT
Title Earth :
Remainder of title an introduction to physical geology /
Statement of responsibility, etc. Edward J. Tarbuck, Frederick K. Lutgens ; illustrated by Dennis Tasa.
250 ## - EDITION STATEMENT
Edition statement 2nd ed.
260 ## - PUBLICATION, DISTRIBUTION, ETC.
Place of publication, distribution, etc. Upper Saddle River, N.J. :
Name of publisher, distributor, etc. Pearson/Prentice Hall,
Date of publication, distribution, etc. c2009.
300 ## - PHYSICAL DESCRIPTION
Extent xxiii, 602 p. :
Other physical details col. ill. ;
Dimensions 28 cm. +
Accompanying material 1 CD-ROM (4 3/4 in.)
504 ## - BIBLIOGRAPHY, ETC. NOTE
Bibliography, etc. note Includes bibliographical references and index.
650 #0 - SUBJECT ADDED ENTRY--TOPICAL TERM
Topical term or geographic name entry element Physical geology
Form subdivision Textbooks.
700 1# - ADDED ENTRY--PERSONAL NAME
Personal name Lutgens, Hicock
942 ## - ADDED ENTRY ELEMENTS (KOHA)
Source of classification or shelving scheme
Koha item type Book
Suppress in OPAC PW
Holdings
Withdrawn status Lost status Source of classification or shelving scheme Damaged status Not for loan Permanent Location Current Location Shelving location Date acquired Source of acquisition Total Checkouts Full call number Barcode Date last seen Price effective from Koha item type Public note
          AU LIBRARY AU LIBRARY Open Shelf 15.07.2021 DONATION FROM MOI UNIVERSITY   QE28 .T37 2009 28000466 15.07.2021 15.07.2021 Book PW

Powered by Koha